[Event "GER Seniors Derby 02nd"]
[Site "Wesel/Heidelust"]
[Date "2003.03.16"]
[Round "7"]
[White "Stieglitz, Juergen"]
[Black "Timm, Christian"]
[Result "0-1"]
[WhiteElo "1359"]
[BlackElo "1440"]
[PlyCount "104"]
[EventDate "2003.03.13"]
[EventType "swiss"]
[EventRounds "7"]
[EventCountry "GER"]
[SourceTitle "EXT 2006"]
[Source "ChessBase"]
[SourceDate "2005.11.24"]
[SourceVersion "1"]
[SourceVersionDate "2005.11.24"]
[SourceQuality "1"]

1. e4 e6 2. Nf3 c5 3. c4 Nc6 4. Be2 Be7 5. 0-0 d6 6. d3 Nf6 7. Bd2 0-0 8. Re1 h6 9. h3 Nd4 10. Bc3 Nxe2+ 11. Rxe2 e5 12. Bd2 Nh7 13. Nc3 f5 14. Ne1 Be6 15. b3 fxe4 16. dxe4 Rf6 17. Nd5 Rg6 18. Kh2 Bg5 19. Rc1 Nf6 20. Rc3 Bxd5 21. exd5 Qd7 22. f3 Bh4 23. g4 Bxe1 24. Bxe1 Re8 25. Rce3 h5 26. Qd3 Kf7 27. Bh4 hxg4 28. Bxf6 gxf6 29. fxg4 Rh8 30. Rg2 Rxg4 31. Rxg4 Qxg4 32. Rg3 Qf4 33. Qf3 Qxf3 34. Rxf3 Rh5 35. Rg3 f5 36. Rf3 e4 37. Rf4 Kf6 38. Kg3 Ke5 39. Rf2 f4+ 40. Kg4 Rf5 41. h4 f3 42. h5 Rf4+ 43. Kg3 Kf5 44. h6 Rg4+ 45. Kh3 Kg5 46. Rh2 f2 47. Rxf2 Rh4+ 48. Kg3 Rxh6 49. Rf4 Rh3+ 50. Kxh3 Kxf4 51. Kg2 Ke3 52. Kf1 Kd2 0-1